000 00613nam a2200205 a 4500
001 000044322
003 DO-SdBNP
005 20160920141618.0
007 000044322
008 140613s199? dr ab 000 0 spa d
040 _aBPMET
_bspa
_cBPMET
092 _axxxxxx
_bxxxxxx
100 1 _aRamírez Báez, Ramón O.
245 1 0 _aAmérica su paisaje y su historia :
_bestudios sociales 5 /
_cRamón O. Ramírez Báez.
260 _aSanto Domingo :
_bSusaeta,
_c199?
300 _a168 p. :
_bil., map. ;
_c25 cm.
500 _aEstudios sociales 5
942 _2ddc
_cBK
956 _aVMATEO
_b10
_c20150728
_lBPMSU
_h0069
999 _c7228
_d7228